Alternatívna výroba esterov s využitím následných reakcií

Uložené v:
Podrobná bibliografia
Hlavný autor: Chmúrny, Rastislav (Autor)
Ďalší autori: Labovská, Zuzana (Vedúci práce)
Médium: Rukopis Kniha
Jazyk:Slovak
Vydavateľské údaje: 2021
Predmet:
On-line prístup:http://is.stuba.sk/zp/portal_zp.pl?podrobnosti=157575
Tagy: Pridať tag
Žiadne tagy, Buďte prvý, kto otaguje tento záznam!

MARC

LEADER 00000ntm a22000003a 4500
001 stuzp84320
003 SK-STU
005 20210605210605.0
007 ta
008 150427s2015----xo-----f-mn---000-0-slo-d
040 |a STU  |b slo 
041 0 |a slo 
100 1 |a Chmúrny, Rastislav  |u 046230  |4 aut  |U FCHPT Ústav chemického a environmentálneho inžinierstva  |T FCHPT Oddelenie chemického a biochemického inžinierstva  |X 86838  |U C6230  |Y 119  |7 86838 
242 0 1 |a Alternative methods of ester production using auxiliary reaction  |y eng 
245 1 0 |a Alternatívna výroba esterov s využitím následných reakcií 
260 |c 2021 
650 4 |a esterifikácia  |2 slo 
650 4 |a etylacetát  |2 slo 
650 4 |a Aspen Plus  |2 slo 
650 4 |a reaktívna destilácia  |2 slo 
650 4 |a etylén glykol  |2 slo 
650 4 |a ethyl acetate  |2 eng 
650 4 |a reactive distillation  |2 eng 
650 4 |a esterification  |2 eng 
650 4 |a ethylene glycol  |2 eng 
650 4 |a Aspen Plus  |2 eng 
700 1 |a Labovská, Zuzana  |u 046230  |k Z1  |4 ths  |U FCHPT Ústav chemického a environmentálneho inžinierstva  |T FCHPT Oddelenie chemického a biochemického inžinierstva  |X 10276  |U C6230  |Y 119  |7 A000010276 
856 4 |u http://is.stuba.sk/zp/portal_zp.pl?podrobnosti=157575